[Event "Eq:Slap Shot Mates-Equipo Juan Diaz : "]
[Site "www.chess-mail.com"]
[Date "2015.01.25"]
[Round "1"]
[White "Ilusion"]
[Black "Leswamp"]
[WhiteElo "1870"]
[BlackElo "2450"]
[Result "0-1"]
[Round "1"]
1.d4 d5
2.c4 c6
3.Ng1f3 Ng8f6
4.Nb1c3 e6
5.e3 Nb8d7
6.Bf1d3 dxc4
7.Bd3xc4 b5
8.Bc4d3 Bc8b7
9.O-O a6
10.Nc3e4 c5
11.Ne4xf6 gxf6
12.b3 Bf8d6
13.Bc1b2 Ke7
14.e4 cxd4
15.Bb2xd4 Rh8g8
16.Rf1e1 e5
17.Bd4b2 Nd7c5
18.Bd3c2 Qd8d7
19.Nf3h4 Qd7e6
20.Nh4f5 Kd7
21.Qd1h5 Kc7
22.f3 Ra8c8
23.Re1d1 Bd6e7
24.Ra1c1 b4
25.Bc2d3 Rc8d8
26.Bd3c4 Rd8xd1
27.Rc1xd1 Qe6b6
28.Kh1 Nc5xe4
29.fxe4 Bb7xe4
30.Rd1d2 Rg8xg2
31.Rd2xg2 Qb6f2
{ resign }
0-1

[Event "Eq:Team USA-CONFOEDERATIONIS HELVETICAE : "]
[Site "www.chess-mail.com"]
[Date "2015.01.25"]
[Round "1"]
[White "Gatrooper"]
[Black "Bigrezi"]
[WhiteElo "1330"]
[BlackElo "1870"]
[Result "0-1"]
[Round "1"]
1.e4 e5
2.a3 Bf8c5
3.d3 d6
4.Bc1e3 Bc5xe3
5.fxe3 Ng8f6
6.Nb1c3 Nb8c6
7.Ng1f3 Bc8g4
8.h3 Bg4d7
9.Bf1e2 a6
10.g4 h6
11.g5 hxg5
12.Nf3xg5 Qd8e7
13.Nc3d5 Nf6xd5
14.h4 Nd5xe3
15.Qd1d2 Ne3g2
16.Kd1 O-O-O
17.b4 Rh8xh4
18.Rh1xh4 Ng2xh4
19.b5 Nc6d4
20.bxa6 bxa6
21.Ng5f3 Nh4xf3
22.Be2xf3 Nd4xf3
23.Qd2b4 Qe7h4
24.Kc1 Qh4e1
25.Kb2 Qe1xb4
26.Kc1 Qb4d2
27.Kb2 Nf3d4
28.Ra1c1 Bd7a4
29.Ka2 Nd4xc2
30.Rc1b1 Nc2b4
31.Ka1 Qd2a2
{ resign }
0-1

[Event "Fast Game"]
[Site "www.echecsemail.com"]
[Date "2015.01.25"]
[Round "1"]
[White "Generalfree"]
[Black "Powerchess"]
[WhiteElo "1600"]
[BlackElo "1409"]
[Result "1-0"]
[Round "1"]
1.e4 Ng8f6
2.e5 Nf6d5
3.c4 Nd5b6
4.a4 d6
5.exd6 exd6
6.Ng1f3 Bf8e7
7.d3 O-O
8.b3 Be7f6
9.Ra1a2 Rf8e8
10.Bf1e2 Nb8c6
11.Bc1d2 Nc6e5
12.Nf3xe5 Bf6xe5
13.h3 Bc8f5
14.O-O Be5d4
15.g4 Bf5g6
16.a5 Nb6d7
17.b4  { time }
1-0

[Event "Tourn. n8032"]
[Site "www.chess-mail.com"]
[Date "2015.01.26"]
[Round "1"]
[White "Luban"]
[Black "Maredocla"]
[WhiteElo "2090"]
[BlackElo "2010"]
[Result "1-0"]
[Round "1"]
1.d4 e6
2.c4 Bf8b4
3.Bc1d2 Qd8e7
4.Nb1c3 Ng8f6
5.e3 b6
6.Ng1f3 Bc8b7
7.Bf1d3 O-O
8.O-O d6
9.Rf1e1 e5
10.Bd3c2 Bb4xc3
11.Bd2xc3 e4
12.Nf3d2 c6
13.a3 d5
14.cxd5 Nf6xd5
15.Nd2xe4 Nd5xc3
16.Ne4xc3 Qe7g5
17.f3 Nb8d7
18.Nc3e4 Qg5e7
19.Qd1d3 g6
20.Ne4g3 Qe7g5
21.e4 h5
22.e5 c5
23.f4 Qg5e7
24.Ng3xh5 c4
25.Qd3g3 Kh7
26.f5 Rf8g8
27.f6 Qe7e6
28.Nh5f4 { resign }
1-0

[Event "Tourn. n7916"]
[Site "www.chess-mail.com"]
[Date "2015.01.26"]
[Round "1"]
[White "Jjmcbride"]
[Black "Generalfree"]
[WhiteElo "1760"]
[BlackElo "1750"]
[Result "1-0"]
[Round "1"]
1.d4 f5
2.d5 c6
3.Nb1c3 d6
4.e4 cxd5
5.exf5 Bc8xf5
6.Qd1xd5 Bf5c8
7.Bf1b5 Nb8d7
8.Bc1g5 a6
9.Bb5a4 b5
10.Ba4b3 Nd7b6
11.Qd5e4 h6
12.Qe4g6 Kd7
13.Bb3xg8 hxg5
14.Qg6f5 Kc6
15.Qf5e4 d5
16.Qe4g6 Kb7
17.Bg8h7 e6
18.Qg6f7 Bc8d7
19.Bh7d3 Qd8f6
20.Qf7xf6 gxf6
21.Ng1e2 b4
22.Nc3d1 e5
23.Ne2g3 e4
24.Bd3e2 f5
25.O-O f4
26.Ng3h1 Bf8d6
27.f3 Bd6c5
28.Nh1f2 Rh8h6
29.c3 bxc3
30.Nd1xc3 e3
31.Nf2d3 Bc5d4
32.Rf1d1 Ra8c8
33.Nd3b4 Bd4xc3
34.Be2xa6 Kb8
35.bxc3 Rc8xc3
36.Nb4xd5 Nb6xd5
37.Rd1xd5 Rh6xa6
38.Rd5xd7 e2
39.Rd7d2 Ra6e6
40.Ra1e1 Re6e3
41.Rd2xe2 Re3d3
42.h3 Kb7
43.Kf2 Kb6
44.Re1b1 Ka5
45.Re2e5 Ka4
46.Re5xg5 Rd3d2
47.Kg1 Rd2xa2
48.Rb1e1 Rc3e3
49.Re1f1 Kb3
50.h4 Kc2
51.Rf1f2 Kb1
52.Rf2xa2 { resign }
1-0

[Event "Tourn. n8026"]
[Site "www.chess-mail.com"]
[Date "2015.01.26"]
[Round "1"]
[White "Krasin"]
[Black "Hali"]
[WhiteElo "2230"]
[BlackElo "2150"]
[Result "1-0"]
[Round "1"]
1.e4 c5
2.c3 d5
3.exd5 Qd8xd5
4.Ng1f3 Ng8f6
5.d4 Nb8c6
6.Bf1e2 e6
7.O-O cxd4
8.cxd4 Bf8e7
9.Nb1c3 Qd5d6
10.Bc1g5 O-O
11.Ra1c1 a6
12.a3 b5
13.Bg5xf6 gxf6
14.Nc3e4 Qd6d5
15.Be2d3 Bc8b7
16.Rc1c5 Qd5a2
17.Qd1c1 Ra8c8
18.Ne4xf6 Be7xf6
19.Qc1h6 Rf8d8
20.Bd3xh7 { resign }
1-0

[Event "Tourn. n7922"]
[Site "www.chess-mail.com"]
[Date "2015.01.26"]
[Round "1"]
[White "Oxycontin"]
[Black "Terrible"]
[WhiteElo "2030"]
[BlackElo "2240"]
[Result "0-1"]
[Round "1"]
1.e4 e5
2.Ng1f3 Nb8c6
3.Bf1c4 Bf8c5
4.O-O Ng8f6
5.Rf1e1 d6
6.c3 a6
7.d4 b5
8.Bc4xb5 axb5
9.dxc5 dxc5
10.Qd1xd8 Kxd8
11.Bc1g5 Ke7
12.Nb1d2 h6
13.Bg5h4 g5
14.Bh4g3 Nf6d7
15.c4 b4
16.Nd2b3 f6
17.a3 Bc8b7
18.Re1d1 Nc6d8
19.Nf3d2 Nd8e6
20.axb4 cxb4
21.Nb3a5 Nd7c5
22.Na5xb7 Nc5xb7
23.Nd2b3 Ne6c5
24.Nb3xc5 Nb7xc5
25.f3 Nc5b3
26.Ra1xa8 Rh8xa8
27.Rd1d3 Ra8a1
28.Kf2 Nb3d4
29.Rd3d2 Ra1c1
{ resign }
0-1

[Event "Tourn. n7794"]
[Site "www.chess-mail.com"]
[Date "2015.01.26"]
[Round "1"]
[White "Susov"]
[Black "Naujzaid"]
[WhiteElo "1730"]
[BlackElo "1840"]
[Result "0-1"]
[Round "1"]
1.e4 c5
2.Ng1f3 d6
3.d4 cxd4
4.Qd1xd4 Nb8c6
5.Bf1b5 e5
6.Bb5xc6 bxc6
7.Qd4d3 Ng8f6
8.Nb1c3 Bf8e7
9.Bc1g5 Bc8e6
10.O-O O-O
11.a3 Qd8c7
12.Ra1d1 Rf8d8
13.b4 a5
14.Rd1a1 axb4
15.axb4 d5
16.exd5 cxd5
17.Ra1xa8 Rd8xa8
18.Bg5xf6 Be7xf6
19.Nc3xd5 Be6xd5
20.Qd3xd5 Ra8b8
21.b5 Qc7xc2
22.Nf3xe5 Bf6xe5
23.Qd5xe5 Qc2c8
24.Rf1b1 h6
25.h3 Rb8b6
26.Qe5d4 Qc8b8
27.Qd4d7 Rb6b7
28.Qd7d5 Rb7b6
29.g4 g6
30.f4 Qb8e8
31.Rb1a1 Qe8e3
32.Kh2 Qe3xf4
33.Kg2 Rb6d6
34.Ra1a8 Kg7
35.Qd5f3 Rd6d2
{ resign }
0-1

[Event "Tourn. n8049"]
[Site "www.chess-mail.com"]
[Date "2015.01.26"]
[Round "1"]
[White "Krasin"]
[Black "Difficult"]
[WhiteElo "2270"]
[BlackElo "2050"]
[Result "1-0"]
[Round "1"]
1.e4 c5
2.c3 d5
3.exd5 Qd8xd5
4.d4 cxd4
5.cxd4 Nb8c6
6.Ng1f3 Bc8g4
7.Bf1e2 e5
8.Nb1c3 Bf8b4
9.O-O Bb4xc3
10.bxc3 exd4
11.Nf3xd4 Bg4xe2
12.Qd1xe2 Ng8e7
13.Nd4xc6 Qd5xc6
14.Bc1a3 { resign }
1-0

[Event "Tourn. n7794"]
[Site "www.chess-mail.com"]
[Date "2015.01.26"]
[Round "1"]
[White "Falcoale"]
[Black "Susov"]
[WhiteElo "1820"]
[BlackElo "1730"]
[Result "1/2-1/2"]
[Round "1"]
1.e4 e5
2.Ng1f3 Nb8c6
3.Bf1b5 d6
4.d4 a6
5.Bb5xc6 bxc6
6.dxe5 Bc8g4
7.h3 Bg4xf3
8.Qd1xf3 dxe5
9.O-O Bf8c5
10.Nb1c3 Qd8f6
11.Qf3e2 Ng8e7
12.Qe2c4 Bc5d4
13.Nc3e2 c5
14.c3 Qf6c6
15.Ne2xd4 cxd4
16.Qc4xc6 Ne7xc6
17.Bc1d2 O-O
18.Ra1c1 Rf8d8
19.Bd2g5 f6
20.Bg5h4 d3
21.Rc1d1 Nc6a5
22.b3 Rd8d7
23.f4 Ra8e8
24.f5 c5
25.c4 Na5c6
26.Rf1f3 Re8d8
27.Bh4f2 Nc6d4
28.Bf2xd4 Rd7xd4
29.Kf2 d2
30.Rf3e3 a5
31.Re3e2 Kf7
32.Ke3 Rd4d3
33.Kf2 g6
34.fxg6 hxg6
35.Kf1 Ke6
36.Kf2 f5
37.exf5 gxf5
38.g3 e4
39.Re2e3 Rd3xe3
40.Kxe3 Rd8d3
41.Kf2 Ke5
42.h4 e3
43.Ke2 Ke4
44.h5 Rd3d6
45.a3 f4
46.gxf4 Kxf4
47.Rd1f1 Ke4
48.Rf1h1 Rd6h6
49.Rh1h3 d1Q
50.Kxd1 Kd3
51.b4 axb4
52.axb4 cxb4
53.Rh3h2 Kxc4
54.Ke2 Kc3
55.Kxe3 b3
56.Kf4 b2
57.Rh2xb2 Kxb2
58.Kg5 Rh6h8
59.h6 Kc3
60.Kg6 Kd4
61.Kg7 Rh8a8
62.h7 Ra8a7
63.Kg8 Ra7xh7
64.Kxh7 Ke5
{ draw }
1/2-1/2

[Event "Tourn. n8016"]
[Site "www.chess-mail.com"]
[Date "2015.01.26"]
[Round "1"]
[White "Krasin"]
[Black "Difficult"]
[WhiteElo "2180"]
[BlackElo "2010"]
[Result "1-0"]
[Round "1"]
1.f4 d5
2.Ng1f3 g6
3.g3 Bf8g7
4.Bf1g2 Ng8f6
5.O-O c5
6.d3 Nb8c6
7.Nb1c3 d4
8.Nc3e4 Nf6xe4
9.dxe4 O-O
10.a3 a5
11.h3 Qd8c7
12.g4 b5
13.Qd1e1 Bc8b7
14.Qe1h4 e5
15.f5 f6
16.Rf1f2 c4
17.Bc1h6 Bg7xh6
18.Qh4xh6 Qc7g7
19.Qh6d2 Rf8d8
20.fxg6 hxg6
21.Ra1f1 Rd8f8
22.Kh2 Nc6e7
23.Nf3h4 Ne7c6
24.g5 fxg5
25.Qd2xg5 Nc6e7
26.Rf2xf8 Ra8xf8
27.Rf1xf8 Kxf8
28.Bg2f3 Kf7
29.Kg3 Bb7c8
30.Bf3g4 Bc8xg4
31.Qg5xg4 Qg7f6
32.Nh4f3 b4
33.axb4 axb4
34.Nf3g5 Kg7
35.Qg4h4 c3
36.b3 Ne7g8
37.Qh4g4 Ng8e7
38.Kg2 Ne7g8
39.h4 Kh6
40.Qg4d7 Ng8e7
41.Ng5f3 Ne7c6
42.Nf3g5 Nc6e7
43.Qd7c7 Kh5
44.Ng5f3 Ne7c6
45.Qc7h7 Kg4
46.Qh7h6 Nc6e7
47.Nf3h2 { resign }
1-0

[Event "Tourn. n7978"]
[Site "www.chess-mail.com"]
[Date "2015.01.26"]
[Round "1"]
[White "Generalfree"]
[Black "Difficult"]
[WhiteElo "1900"]
[BlackElo "1880"]
[Result "0-1"]
[Round "1"]
1.e4 c6
2.Ng1f3 d5
3.exd5 cxd5
4.d4 Ng8f6
5.Bf1b5 Bc8d7
6.Qd1d3 e6
7.Nf3e5 a6
8.Bb5xd7 Nb8xd7
9.Ne5xd7 Qd8xd7
10.Nb1c3 Bf8b4
11.Bc1d2 Bb4xc3
12.Bd2xc3 O-O
13.f3 Ra8c8
14.O-O-O b5
15.b4 Rc8c4
16.Qd3e3 Rf8c8
17.Rd1d3 Qd7c6
18.g4 Rc4xb4
19.Qe3d2 Rb4c4
20.Kb2 b4
{ resign }
0-1

[Event "Tourn. n7872"]
[Site "www.chess-mail.com"]
[Date "2015.01.26"]
[Round "1"]
[White "Hundegana"]
[Black "Churrasca"]
[WhiteElo "2020"]
[BlackElo "2100"]
[Result "0-1"]
[Round "1"]
1.d4 Ng8f6
2.c4 g6
3.Bc1g5 Bf8g7
4.Qd1d2 O-O
5.Nb1c3 c5
6.dxc5 Nb8a6
7.Nc3a4 Nf6e4
8.Qd2e3 Ne4xg5
9.Ra1b1 Qd8a5
10.Na4c3 Bg7xc3
11.Qe3xc3 Qa5xa2
12.Rb1d1 Na6xc5
13.f3 Nc5a4
14.Qc3d2 Ng5e6
15.e3 Qa2xb2
16.Qd2xb2 Na4xb2
17.Rd1b1 Nb2a4
18.Bf1d3 Na4c5
19.Bd3e2 d6
20.Ng1h3 a5
21.O-O Bc8d7
22.Nh3f4 a4
23.Nf4d3 Nc5xd3
24.Be2xd3 Ne6c5
25.Bd3e2 Rf8c8
26.Kf2 Nc5b3
27.Be2d1 Nb3d2
28.Rb1xb7 Bd7c6
29.Rb7xe7 Nd2xf1
30.Kxf1 a3
31.Bd1b3 a2
32.Bb3xa2 Ra8xa2
33.h3 Ra2c2
34.e4 Rc2xc4
35.Kf2 d5
36.exd5 Bc6xd5
37.Re7d7 Bd5a8
38.Kg3 Rc4c2
39.Rd7d1 Kg7
40.h4 Rc2a2
41.Rd1g1 Rc8c2
42.Kh2 Ba8xf3
43.Kg3 Bf3xg2
{ resign }
0-1

[Event "Tourn. n7946"]
[Site "www.chess-mail.com"]
[Date "2015.01.26"]
[Round "1"]
[White "Dschelpe"]
[Black "Gatrooper"]
[WhiteElo "1399"]
[BlackElo "1340"]
[Result "0-1"]
[Round "1"]
1.e4 e5
2.Ng1f3 Nb8c6
3.Bf1c4 d6
4.d4 exd4
5.e5 Bc8e6
6.Bc4xe6 fxe6
7.c3 dxc3
8.Nb1xc3 dxe5
9.Qd1b3 Qd8d6
10.O-O O-O-O
11.Bc1e3 Ng8f6
12.Ra1d1 Nf6d5
13.Nc3xd5 exd5
14.Nf3g5 Rd8d7
15.Ng5e4 Qd6g6
16.Ne4c5 Nc6a5
17.Qb3b5 Bf8xc5
18.Be3xc5 Na5c6
19.Bc5e3 d4
20.Be3c1 a6
21.Qb5c4 b5
22.Qc4b3 h5
23.a4 b4
24.Bc1d2 h4
25.Bd2xb4 h3
26.g3 Qg6e4
27.f3 Qe4e2
28.Rf1f2 Qe2e3
29.Qb3c2 Nc6xb4
30.Qc2c4 Rh8f8
31.Qc4xb4 Rf8xf3
32.Qb4e1 Qe3b3
33.Qe1e2 Rf3xf2
34.Kxf2 Rd7f7
35.Kg1 Rf7f3
36.Qe2xa6 Kd7
37.Rd1e1 Qb3xb2
38.Qa6b5 Qb2xb5
39.axb5 Kd6
40.g4 Rf3f4
41.Re1c1 Rf4xg4
{ resign }
0-1

[Event "Tourn. n7994"]
[Site "www.chess-mail.com"]
[Date "2015.01.26"]
[Round "1"]
[White "Nham"]
[Black "Osopanda"]
[WhiteElo "1859"]
[BlackElo "2020"]
[Result "1-0"]
[Round "1"]
1.e4 c5
2.d4 cxd4
3.c3 dxc3
4.Nb1xc3 Nb8c6
5.Ng1f3 d6
6.Bf1c4 Ng8f6
7.O-O e6
8.Qd1e2 a6
9.Rf1d1 Bf8e7
10.e5 Nf6d5
11.Nc3xd5 exd5
12.Bc4xd5 Bc8e6
13.Bd5xe6 fxe6
14.exd6 Be7f6
15.Qe2xe6 Kf8
16.Bc1f4 Qd8e8
17.Qe6b3 b5
18.Ra1c1 Qe8d7
19.Qb3d5 Ra8c8
20.Bf4e5 h5
21.Be5xf6 gxf6
22.Nf3d4 Kg7
23.Rc1xc6 Rc8xc6
24.Qd5xc6 Qd7xc6
25.Nd4xc6 Rh8c8
26.d7 { resign }
1-0

[Event "Tourn. n7953"]
[Site "www.chess-mail.com"]
[Date "2015.01.26"]
[Round "1"]
[White "Llcervello"]
[Black "Difficult"]
[WhiteElo "1730"]
[BlackElo "1880"]
[Result "0-1"]
[Round "1"]
1.e4 e5
2.d3 Nb8c6
3.f3 Bf8c5
4.Ng1e2 d5
5.g3 Ng8f6
6.h4 dxe4
7.fxe4 Nf6xe4
8.dxe4 Bc5f2
9.Kxf2 Qd8xd1
10.c3 Qd1d6
11.b4 O-O
12.Bc1a3 b5
13.Ne2c1 f5
14.Kg2 fxe4
15.Bf1xb5 Bc8b7
16.Bb5xc6 Bb7xc6
17.b5 Qd6f6
18.bxc6 Qf6f2
19.Kh3 Rf8f3
20.Nc1e2 Qf2xe2
21.Rh1g1 Qe2f2
22.Rg1g2 Qf2e3
23.Nb1d2 Rf3f2
24.Nd2c4 Qe3e2
25.Ra1g1 e3
26.Ba3c5 Qe2xc4
27.Bc5xe3 Rf2xg2
28.Rg1xg2 h5
29.g4 Qc4e4
30.Be3f2 Ra8f8
31.gxh5 Rf8f3
32.Kh2 Qe4f5
33.h6 Rf3xf2
34.Kg1 Rf2xg2
35.Kxg2 e4
{ resign }
0-1

[Event "Tourn. n7992"]
[Site "www.chess-mail.com"]
[Date "2015.01.26"]
[Round "1"]
[White "Difficult"]
[Black "Bojan"]
[WhiteElo "1900"]
[BlackElo "2000"]
[Result "1-0"]
[Round "1"]
1.c4 g6
2.Nb1c3 Bf8g7
3.d4 Ng8f6
4.e4 d6
5.f4 h6
6.Ng1f3 e6
7.Bf1e2 b6
8.O-O Bc8b7
9.Qd1c2 Nb8d7
10.e5 Nf6h7
11.Bc1e3 Qd8e7
12.a4 c5
13.exd6 Qe7xd6
14.dxc5 Nd7xc5
15.Ra1d1 Qd6e7
16.Be3d4 Bg7xd4
17.Rd1xd4 Nh7f6
18.Nf3e5 Ra8d8
19.Rd4xd8 Qe7xd8
20.Rf1d1 Qd8c7
21.Nc3b5 Qc7b8
22.Nb5d6 Ke7
23.Nd6xb7 Qb8xb7
24.Be2f3 Qb7c8
25.g3 Kf8
26.b4 Nc5d7
27.Ne5xd7 Nf6xd7
28.Qc2c3 Rh8g8
29.Qc3b3 Kg7
30.Qb3c3 f6
31.Qc3d3 Rg8d8
32.h4 h5
33.b5 Kf7
34.Bf3c6 Nd7e5
35.Qd3xd8 Qc8xd8
36.Rd1xd8 { resign }
1-0

[Event "Tourn. n8034"]
[Site "www.chess-mail.com"]
[Date "2015.01.26"]
[Round "1"]
[White "Luban"]
[Black "Guidom"]
[WhiteElo "2130"]
[BlackElo "2050"]
[Result "1-0"]
[Round "1"]
1.d4 d5
2.Ng1f3 c6
3.h3 Bc8f5
4.e3 Ng8f6
5.c4 e6
6.a3 Bf8d6
7.Nb1c3 O-O
8.Bf1d3 Bf5g6
9.O-O Nb8d7
10.Bd3xg6 hxg6
11.c5 Bd6c7
12.b4 e5
13.dxe5 Nd7xe5
14.Nf3xe5 Bc7xe5
15.Bc1b2 Qd8e7
16.Qd1c2 Be5c7
17.Nc3e2 Nf6e4
18.Ne2d4 g5
19.Nd4f5 Qe7e6
20.Nf5xg7 Qe6d7
21.Ng7h5 f5
22.f3 Qd7f7
23.fxe4 Qf7xh5
24.exf5 g4
25.Qc2e2 Rf8xf5
26.Qe2xg4 Qh5xg4
27.hxg4 Rf5g5
28.Rf1f3 Rg5xg4
29.Rf3h3 Ra8d8
30.Rh3h8 Kf7
31.Rh8h7 Kg6
32.Rh7xc7 Rd8b8
33.Rc7g7 Kh5
34.Rg7xg4 Kxg4
35.Ra1f1 b6
36.Bb2d4 bxc5
37.Bd4xc5 { resign }
1-0

[Event "Tourn. n7870"]
[Site "www.chess-mail.com"]
[Date "2015.01.26"]
[Round "1"]
[White "Roqueur"]
[Black "Ingauno64"]
[WhiteElo "2540"]
[BlackElo "2510"]
[Result "1/2-1/2"]
[Round "1"]
1.e4 Nb8c6
2.d4 e5
3.Ng1f3 exd4
4.Nf3xd4 Bf8b4
5.c3 Bb4c5
6.Bc1e3 Bc5b6
7.Bf1c4 d6
8.O-O Ng8f6
9.Nb1d2 O-O
10.Nd4xc6 bxc6
11.Be3g5 h6
12.Bg5h4 Ra8b8
13.Rf1e1 d5
14.Bc4b3 Bc8g4
15.Qd1c1 g5
16.Bh4g3 Nf6h5
17.Nd2f1 f5
18.exf5 Bg4xf5
19.Bg3e5 Qd8d7
20.c4 Qd7f7
21.c5 Bb6a5
22.Re1e3 Bf5g6
23.f3 Nh5f4
24.Bb3c2 Bg6xc2
25.Qc1xc2 Qf7g6
26.Ra1c1 Qg6xc2
27.Rc1xc2 Nf4e6
28.Nf1d2 Ba5b4
29.Nd2b3 a5
30.a4 Rf8d8
31.Nb3d4 Bb4xc5
32.Rc2xc5 Ne6xc5
33.Nd4xc6 Rd8e8
34.Nc6xb8 Re8xb8
35.Be5xc7 Rb8xb2
36.Bc7xa5 { draw }
1/2-1/2

[Event "Tourn. n7940"]
[Site "www.chess-mail.com"]
[Date "2015.01.26"]
[Round "1"]
[White "Difficult"]
[Black "Oxycontin"]
[WhiteElo "1880"]
[BlackElo "2060"]
[Result "1/2-1/2"]
[Round "1"]
1.e4 c6
2.Nb1c3 d5
3.Ng1f3 dxe4
4.Nc3xe4 Ng8f6
5.Ne4g3 g6
6.d4 Bf8g7
7.c3 O-O
8.Bf1d3 Rf8e8
9.O-O Nb8d7
10.Rf1e1 Qd8c7
11.Bc1g5 Nd7b6
12.h3 Nb6d5
13.Nf3e5 Nf6d7
14.Ne5xd7 Qc7xd7
15.Qd1d2 Qd7c7
16.Bg5h6 e5
17.Bh6xg7 Kxg7
18.dxe5 Re8xe5
19.Re1xe5 Qc7xe5
20.Ra1e1 Qe5f4
21.Qd2xf4 { draw }
1/2-1/2

[Event "Tourn. n7883"]
[Site "www.chess-mail.com"]
[Date "2015.01.26"]
[Round "1"]
[White "Bojan"]
[Black "Ff333"]
[WhiteElo "2080"]
[BlackElo "2000"]
[Result "0-1"]
[Round "1"]
1.c4 e5
2.b3 g6
3.Bc1b2 Bf8g7
4.e4 Ng8e7
5.Ng1f3 d6
6.h3 O-O
7.Nb1c3 a6
8.d4 exd4
9.Nf3xd4 c5
10.Nd4c2 Nb8c6
11.Ra1b1 Nc6e5
12.Nc2e3 Bc8e6
13.Nc3d5 Ne7c6
14.g3 a5
15.Bf1e2 Nc6b4
16.a3 Nb4xd5
17.Ne3xd5 a4
18.f4 Ne5c6
19.Bb2xg7 Kxg7
20.Kf2 axb3
21.Qd1xb3 Nc6a5
22.Qb3c3 f6
23.Nd5e3 Qd8d7
24.g4 Na5c6
25.f5 Be6f7
26.Ne3d5 Bf7xd5
27.cxd5 Nc6d4
28.Be2d3 g5
29.h4 h6
30.hxg5 hxg5
31.Rb1b6 Rf8b8
32.Qc3b2 Ra8a7
33.Ke3 Qd7a4
34.Rh1a1 Kf7
35.Rb6xd6 b5
36.Qb2h2 Rb8g8
37.Qh2h7 Rg8g7
38.Qh7h5 Ke7
39.Rd6b6 Qa4b3
40.Ra1c1 Qb3xa3
41.Rc1d1 Nd4c2
42.Kf2 Nc2d4
43.Qh5h6 Rg7f7
44.e5 Qa3a2
45.Ke3 Qa2xd5
46.exf6 Kd7
47.Bd3xb5 Kc7
48.Rb6c6 Kb7
49.Qh6h1 Qd5xh1
50.Rd1xh1 Nd4xc6
51.Rh1b1 Nc6b4
52.Rb1c1 Kb6
53.Bb5c4 Rf7xf6
54.Bc4e6 Ra7a3
55.Ke4 Ra3g3
56.Rc1d1 Rg3xg4
57.Kf3 Rg4d4
58.Rd1g1 Rd4f4
59.Ke2 g4
60.Rg1d1 Rf4d4
61.Rd1g1 Nb4d3
62.Ke3 Kc6
63.Rg1a1 Kd6
64.Ra1a6 Ke5
65.Ra6a3 Nd3f4
66.Be6c8 g3
67.Ra3a5 Rd4d3
{ resign }
0-1

[Event "Tourn. n8009"]
[Site "www.chess-mail.com"]
[Date "2015.01.26"]
[Round "1"]
[White "Georgepapi"]
[Black "Llcervello"]
[WhiteElo "1830"]
[BlackElo "1720"]
[Result "1-0"]
[Round "1"]
1.e4 e5
2.Ng1f3 d6
3.d4 f6
4.dxe5 fxe5
5.Nf3xe5 dxe5
6.Qd1h5 Kd7
7.Nb1c3 Nb8c6
8.Bc1g5 Bf8e7
9.O-O-O Nc6d4
10.Bg5e3 g6
11.Qh5xe5 Be7f6
12.Qe5d5 Ke8
13.Qd5xd8 Kxd8
14.Be3xd4 Bf6xd4
15.Rd1xd4 Bc8d7
16.Bf1c4 c5
17.Rd4d6 Kc7
18.Rh1d1 Ra8d8
19.e5 Ng8e7
20.e6 Bd7xe6
21.Rd6xd8 Rh8xd8
22.Nc3b5 Kb6
23.Rd1xd8 Be6xc4
24.Nb5c3 a6
25.Rd8d7 Ne7d5
26.Nc3xd5 Kc6
27.Nd5f6 Bc4xa2
28.b3 c4
29.Kb2 cxb3
30.cxb3 Ba2xb3
31.Kxb3 h5
32.Rd7g7 b5
33.Rg7xg6 Kb7
34.Kb4 { resign }
1-0

[Event "Tourn. n7808"]
[Site "www.chess-mail.com"]
[Date "2015.01.26"]
[Round "1"]
[White "Naujzaid"]
[Black "Saidgermany"]
[WhiteElo "1900"]
[BlackElo "1809"]
[Result "1/2-1/2"]
[Round "1"]
1.d4 d5
2.c4 Ng8f6
3.cxd5 Nf6xd5
4.e4 Nd5b6
5.Nb1c3 e6
6.Ng1f3 Bf8b4
7.Bf1d3 Nb8c6
8.O-O O-O
9.e5 Kh8
10.a3 Bb4e7
11.Bc1e3 f5
12.exf6 Be7xf6
13.Bd3c2 e5
14.Qd1d3 g6
15.Ra1d1 Bc8f5
16.Qd3e2 Nc6xd4
17.Be3xd4 exd4
18.Bc2xf5 gxf5
19.b4 Qd8d7
20.Nc3b5 Rf8e8
21.Qe2d3 Re8e4
22.Nb5c3 dxc3
23.Qd3xd7 Nb6xd7
24.Rd1xd7 Re4e7
25.Rd7d5 c2
26.Rd5c5 Bf6b2
27.Rc5xc2 Bb2xa3
28.b5 Ba3d6
{ draw }
1/2-1/2

[Event "Tourn. n8041"]
[Site "www.chess-mail.com"]
[Date "2015.01.26"]
[Round "1"]
[White "Zazi"]
[Black "Hrob71"]
[WhiteElo "1590"]
[BlackElo "1659"]
[Result "1-0"]
[Round "1"]
1.d4 Ng8f6
2.f3 d5
3.g4 Bc8xg4
4.fxg4 Nf6xg4
5.e4 h5
6.exd5 Qd8xd5
7.Ng1f3 e5
8.h3 Ng4h6
9.Nb1c3 Qd5e6
10.Nf3xe5 f6
11.Bf1c4 { resign }
1-0

[Event "Tourn. n7953"]
[Site "www.chess-mail.com"]
[Date "2015.01.26"]
[Round "1"]
[White "Difficult"]
[Black "Asibicho"]
[WhiteElo "1880"]
[BlackElo "1900"]
[Result "1-0"]
[Round "1"]
1.d4 Ng8f6
2.c4 e6
3.Ng1f3 b6
4.a3 Bc8b7
5.Nb1c3 d5
6.cxd5 Nf6xd5
7.Bc1d2 Bf8e7
8.e3 c5
9.Nc3xd5 Bb7xd5
10.Bf1b5 Bd5c6
11.Bb5xc6 Nb8xc6
12.Bd2c3 O-O
13.O-O Be7f6
14.Ra1c1 Ra8c8
15.dxc5 Bf6xc3
16.Rc1xc3 bxc5
17.Rc3xc5 Qd8b6
18.b4 a5
19.Qd1c1 axb4
20.axb4 Qb6b7
21.b5 Nc6a7
22.Nf3d4 h6
23.Rf1d1 Rf8d8
24.h3 e5
25.Nd4b3 Rd8xd1
26.Qc1xd1 Rc8xc5
27.Nb3xc5 Qb7xb5
28.Qd1d8 Kh7
29.Nc5d7 Na7c6
30.Nd7f8 Kg8
31.Qd8e8 Nc6d4
32.Nf8d7 { resign }
1-0

[Event "Tourn. n7929"]
[Site "www.chess-mail.com"]
[Date "2015.01.26"]
[Round "1"]
[White "Numanoid"]
[Black "Neverless"]
[WhiteElo "2600"]
[BlackElo "2650"]
[Result "1/2-1/2"]
[Round "1"]
1.e4 c5
2.Ng1f3 d6
3.Bf1b5 Bc8d7
4.Bb5xd7 Qd8xd7
5.c4 Ng8f6
6.Nb1c3 g6
7.d4 cxd4
8.Nf3xd4 Bf8g7
9.O-O Nb8c6
10.Nd4e2 O-O
11.f3 a6
12.Bc1e3 Nc6e5
13.b3 b5
14.cxb5 axb5
15.Ra1c1 Rf8c8
16.Qd1d2 Qd7b7
17.Rf1d1 Ne5c6
18.Be3g5 Nc6e5
19.Bg5e3 Ne5c6
20.Be3g5 Nc6e5
21.Bg5e3 { draw }
1/2-1/2

[Event "Match"]
[Site "www.echecsemail.com"]
[Date "2015.01.26"]
[Round "1"]
[White "Anol"]
[Black "Harrytheking"]
[WhiteElo "1320"]
[BlackElo "1730"]
[Result "0-1"]
[Round "1"]
1.d4 b6
2.g3 Bc8b7
3.Ng1f3 Ng8h6
4.Bc1xh6 gxh6
5.Nb1c3 Bf8g7
6.e3 Bb7a6
7.Bf1g2 c6
8.Qd1d2 d6
9.Nf3h4 e6
10.O-O-O Ba6b7
11.Rh1g1 d5
12.Nh4f3 O-O
13.h4 Nb8d7
14.g4 Rf8e8
 { time }
0-1

[Event "Match"]
[Site "www.echecsemail.com"]
[Date "2015.01.26"]
[Round "1"]
[White "Alanocturna"]
[Black "Harrytheking"]
[WhiteElo "1620"]
[BlackElo "1730"]
[Result "0-1"]
[Round "1"]
1.g3 b6
2.Bf1g2 c6
3.d4 d5
4.Nb1c3 h6
5.e4 dxe4
6.Nc3xe4 Nb8d7
7.Ng1e2 Qd8c7
8.O-O Ng8f6
9.Bc1f4 Qc7d8
10.c4 Nf6xe4
11.Bg2xe4 Bc8b7
12.Ra1c1 e6
 { time }
0-1

[Event "Match"]
[Site "www.echecsemail.com"]
[Date "2015.01.26"]
[Round "1"]
[White "Spitzer"]
[Black "Shw"]
[WhiteElo "1600"]
[BlackElo "1499"]
[Result "0-1"]
[Round "1"]
1.e4 c6
2.d4 d5
3.Nb1c3 dxe4
4.Nc3xe4 Ng8f6
5.Ne4xf6 exf6
6.c3 Bc8e6
7.Ng1f3 Bf8d6
8.g3 Nb8d7
9.Bf1g2 Qd8c7
10.O-O h5
11.b4 g5
12.Rf1e1 O-O-O
13.a4 h4
14.Bc1xg5 hxg3
15.fxg3 fxg5
16.Nf3xg5 Bd6xg3
17.h3 Bg3xe1
18.Qd1xe1 Rd8e8
19.Qe1f1 Qc7g3
20.Qf1f2 Qg3xg5
{ resign }
0-1

[Event "Match"]
[Site "www.echecsemail.com"]
[Date "2015.01.26"]
[Round "1"]
[White "Hardland"]
[Black "Pinehill"]
[WhiteElo "1780"]
[BlackElo "1670"]
[Result "1/2-1/2"]
[Round "1"]
1.c4 Ng8f6
2.Nb1c3 e6
3.Ng1f3 d5
4.cxd5 exd5
5.e4 dxe4
6.Nc3xe4 Qd8e7
7.Bf1d3 Nf6xe4
8.Qd1a4 Bc8d7
9.Qa4xe4 Qe7xe4
10.Bd3xe4 Bd7c6
11.Be4xc6 Nb8xc6
12.O-O Bf8e7
13.d4 O-O
14.a3 Be7d6
15.b4 Rf8e8
16.Bc1b2 f6
17.Rf1e1 Kf7
18.Re1e3 Re8e7
19.Ra1e1 Ra8e8
20.Bb2c3 Re7xe3
21.Re1xe3 Re8xe3
22.fxe3 Nc6e7
23.e4 Ne7g6
24.g3 c6
25.Kg2 h5
26.Kh3 Ke6
27.Nf3d2 a5
28.Nd2c4 axb4
29.Bc3xb4 Bd6xb4
30.axb4 b5
31.Nc4e3 Ng6e7
32.Kh4 g6
33.h3 f5
34.exf5 Ne7xf5
35.Ne3xf5 gxf5
36.Kg5 Kd5
37.Kxf5 Kxd4
38.g4 hxg4
39.hxg4 c5
40.bxc5 Kxc5
41.g5 b4
42.g6 b3
43.g7 b2
44.g8Q b1Q
45.Kf6 { draw }
1/2-1/2

[Event "Match"]
[Site "www.echecsemail.com"]
[Date "2015.01.26"]
[Round "1"]
[White "Delacey"]
[Black "Canario"]
[WhiteElo "1780"]
[BlackElo "1670"]
[Result "1-0"]
[Round "1"]
1.d4 d5
2.e4 dxe4
3.Nb1c3 Ng8f6
4.Bf1c4 Bc8g4
5.Ng1e2 Nb8c6
6.O-O e6
7.Bc1g5 Nc6xd4
8.Qd1xd4 Bg4xe2
9.Qd4xd8 Ra8xd8
10.Bc4xe2 Rd8d2
11.Bg5xd2 { resign }
1-0

[Event "Match"]
[Site "www.echecsemail.com"]
[Date "2015.01.26"]
[Round "1"]
[White "Sanci"]
[Black "Iko"]
[WhiteElo "1410"]
[BlackElo "1470"]
[Result "0-1"]
[Round "1"]
1.e4 e5
2.Qd1h5 d6
3.Bf1c4 g6
4.Qh5f3 Bc8e6
5.Bc4xe6 fxe6
6.Qf3e2 Qd8g5
7.g3 Nb8c6
8.Qe2b5 O-O-O
9.Ng1e2 Bf8h6
10.Qb5d3 Nc6b4
11.Qd3c3 c5
12.Qc3c4 b5
13.Qc4xe6 Rd8d7
14.Qe6e8 Kc7
15.Nb1a3 Bh6g7
16.Na3xb5 Kc6
17.Qe8c8 Kb6
18.O-O Ng8f6
19.d3 Qg5xc1
20.Rf1xc1 Rh8xc8
21.c4 a6
22.Nb5c3 Bg7h6
23.Rc1d1 Nb4c2
24.Ra1c1 Bh6xc1
25.Rd1xc1 Nc2d4
26.Ne2xd4 exd4
27.Nc3a4 Ka5
28.b3 h5
29.Rc1e1 Rc8f8
30.f3 Nf6h7
31.Re1f1 Nh7g5
32.Kg2 Rd7f7
33.f4 Ng5e6
34.h4 g5
35.hxg5 h4
36.gxh4 Ne6xf4
37.Kg1 Nf4h3
38.Kg2 Rf7xf1
39.Kxh3 Rf8f4
 { time }
0-1